000 00821nam a2200265Ia 4500
003 GCL
005 20240530102951.0
008 140319s9999 xx 000 0 ara d
040 _aGCL /
_cGCL
082 0 4 _a745.6
_bى خ
100 1 _aيحيى وهيب الجبورى
245 1 0 _aالخط والكتابة فى الحضارة العربية /
_cيحيى وهيب الجبورى
250 _aط1
260 _aبيروت:
_bدار الغرب الاسلامى ،
_c1994
300 _a377 ص ؛
_c32 سم
650 0 4 _aالكتابة
650 0 4 _aالخط العربى
650 0 4 _aالنقوش العربية
650 0 4 _aالخط
650 0 4 _aدراسة الخطوط
650 0 4 _aالخط الكوفى
650 0 4 _aتحسين الخط
650 0 4 _aالخط الديوانى
942 _2ddc
_cBK
999 _c35756
_d35756